[Event "John Bishop Minor 2018"]
[Site "Cardiff"]
[Date "2018.03.30"]
[Round "1.1"]
[White "Jones, Dewi"]
[Black "Mason, Edward"]
[Result "1-0"]
[WhiteElo "1636"]
[BlackElo "1399"]
[PlyCount "63"]
[EventDate "2018.03.30"]
[EventRounds "7"]
[EventCountry "WLS"]
[SourceDate "2018.04.03"]

1. e4 e5 2. Nf3 Nc6 3. d4 exd4 4. Nxd4 Bc5 5. Be3 Nf6 6. Nxc6 dxc6 7. Qxd8+
Kxd8 8. Bxc5 Nxe4 9. Bd4 Re8 10. Be2 f6 11. Nc3 Bf5 12. O-O-O Ke7 13. Nxe4 Bxe4
14. Bc4 Bd5 15. Bc5+ Ke6 16. Rhe1+ Kf5 17. Bxd5 Rxe1 18. Rxe1 cxd5 19. f3 b6
20. Bf2 c5 21. c3 Kg6 22. Re7 f5 23. Kd2 Kf6 24. Rd7 h5 25. Rxd5 Ke6 26. Rd3
Rc8 27. c4 Ke7 28. Bh4+ Ke6 29. Re3+ Kd6 30. Re7 Rc7 31. Rxc7 Kxc7 32. Ke3 1-0

[Event "John Bishop Minor 2018"]
[Site "Cardiff"]
[Date "2018.03.30"]
[Round "1.2"]
[White "Smith, Ellison"]
[Black "Vesz, Marcell"]
[Result "1/2-1/2"]
[WhiteElo "1379"]
[BlackElo "1631"]
[PlyCount "117"]
[EventDate "2018.03.30"]
[EventRounds "7"]
[EventCountry "WLS"]
[SourceDate "2018.04.03"]

1. e4 c5 2. c3 d5 3. exd5 Qxd5 4. d4 Nc6 5. Nf3 Bg4 6. Be2 O-O-O 7. Be3 cxd4 8.
Bxd4 Nxd4 9. cxd4 Bxf3 10. Bxf3 Qxd4 11. Qxd4 Rxd4 12. Nc3 e6 13. Rc1 Kb8 14.
Nb5 Rb4 15. Rd1 Be7 16. Nd6 Bxd6 17. Rxd6 Rxb2 18. Rd8+ Kc7 19. Rf8 Rb1+ 20.
Bd1 g6 21. Rxf7+ Kd6 22. O-O Ne7 23. Bb3 Rxf1+ 24. Kxf1 a6 25. Rf6 Nd5 26. Bxd5
Kxd5 27. Rf7 b6 28. Rb7 Kc6 29. Re7 Kd6 30. Rb7 Kc6 31. Re7 Kd5 32. Rb7 Rc8 33.
Rxb6 Rc1+ 34. Ke2 Rc2+ 35. Kf3 Rxa2 36. Rb7 Ra3+ 37. Kf4 e5+ 38. Kg4 h5+ 39.
Kh4 Ra4+ 40. Kh3 Ke6 41. g3 Ra2 42. Kg2 a5 43. Rb6+ Kf5 44. Rb5 a4 45. Rb1 a3
46. Rb4 Rb2 47. Ra4 a2 48. Kf3 e4+ 49. Ke3 Rb3+ 50. Ke2 Rb2+ 51. Ke3 Rb3+ 52.
Ke2 Kg4 53. h4 Kh3 54. Rxa2 Kg2 55. Ra6 Rb2+ 56. Ke3 Rxf2 57. Rxg6 Rf3+ 58.
Kxe4 Rxg3 59. Rg5 1/2-1/2

[Event "John Bishop Minor 2018"]
[Site "Cardiff"]
[Date "2018.03.30"]
[Round "1.3"]
[White "Peters, Chris"]
[Black "Davies, Gareth"]
[Result "1-0"]
[WhiteElo "1591"]
[BlackElo "1342"]
[PlyCount "117"]
[EventDate "2018.03.30"]
[EventRounds "7"]
[EventCountry "WLS"]
[SourceDate "2018.04.03"]

1. e4 Nf6 2. Bc4 d6 3. Nc3 e6 4. Nf3 Be7 5. O-O O-O 6. d4 Nc6 7. Re1 Na5 8. Bd3
c5 9. dxc5 dxc5 10. Qe2 Nc6 11. e5 Nd5 12. Qe4 g6 13. Bh6 Nxc3 14. bxc3 Re8 15.
Qf4 f5 16. Re3 Bf8 17. h4 Bxh6 18. Qxh6 Qe7 19. h5 Qg7 20. Qg5 gxh5 21. Qxh5
Qg6 22. Qxg6+ hxg6 23. Ng5 Re7 24. f4 Bd7 25. Rd1 Nd8 26. Rh3 Rg7 27. Kf2 Nf7
28. Rdh1 Kf8 29. Bc4 Nxg5 30. Rh8+ Rg8 31. fxg5 Re8 32. R8h7 Bc8 33. Rd1 Rg7
34. Rh8+ Rg8 35. Rh7 Rg7 36. Rxg7 Kxg7 37. Kg3 a6 38. a4 Kf7 39. a5 Kg7 40. Rd6
Kf7 41. Be2 Re7 42. Bf3 Rc7 43. Kf4 Bd7 44. Rb6 Bc8 45. Ke3 Ke7 46. g4 Kf7 47.
Rd6 Bd7 48. gxf5 gxf5 49. Bh5+ Kg7 50. Kf4 Bc8 51. Rd8 Bd7 52. g6 Bc6 53. Kg5
Be4 54. Rd6 Bd5 55. Be2 c4 56. Rb6 Rd7 57. Rb1 Rd8 58. Rd1 Rc8 59. Rd4 1-0

[Event "John Bishop Minor 2018"]
[Site "Cardiff"]
[Date "2018.03.30"]
[Round "1.4"]
[White "Jones, Hefin"]
[Black "Smith, Alun"]
[Result "0-1"]
[WhiteElo "1320"]
[BlackElo "1563"]
[PlyCount "126"]
[EventDate "2018.03.30"]
[EventRounds "7"]
[EventCountry "WLS"]
[SourceDate "2018.04.03"]

1. Nf3 e6 2. d4 d5 3. Bd2 c5 4. e3 Qb6 5. Bc3 Nc6 6. a3 Nf6 7. Nbd2 Be7 8. Be2
O-O 9. dxc5 Qxc5 10. Bd3 Bd7 11. Nd4 a6 12. Nxc6 Qxc6 13. Nf3 Qc7 14. Ng5 h6
15. Bxf6 Bxf6 16. Nh7 Bxb2 17. O-O Bxa1 18. Qxa1 Rfc8 19. Nf6+ Kh8 20. Nh5 Qc3
21. Qd1 e5 22. Qf3 Be6 23. Qg3 e4 24. Be2 Rg8 25. Nf4 Qxa3 26. c4 dxc4 27. Nxe6
fxe6 28. Bxc4 Rge8 29. Qe5 b5 30. Ra1 Qe7 31. Be2 Qf6 32. Qxf6 gxf6 33. f3 exf3
34. Bxf3 Ra7 35. Bc6 Ree7 36. Kf2 Kg7 37. h4 Rec7 38. Be8 b4 39. Rb1 a5 40. Ba4
Rc3 41. Kf3 Rb7 42. Bb3 e5 43. Ke4 Rd7 44. Bd5 Rxe3+ 45. Kxe3 Rxd5 46. Ke4 Rd4+
47. Kf5 Rxh4 48. Ra1 Rf4+ 49. Ke6 b3 50. Rxa5 Rb4 51. Kf5 Rb7 52. Ra1 b2 53.
Rb1 h5 54. g3 Rb6 55. Ke4 Kg6 56. Kd3 Kg5 57. Ke3 f5 58. Kf3 e4+ 59. Ke3 Kg4
60. Kf2 Rb3 61. Ke2 Kxg3 62. Rc1 bxc1=N+ 63. Kf1 Rb2 0-1

[Event "John Bishop Minor 2018"]
[Site "Cardiff"]
[Date "2018.03.30"]
[Round "1.5"]
[White "Wu, Yuxuan"]
[Black "Smith, Callum"]
[Result "0-1"]
[WhiteElo "1200"]
[BlackElo "1316"]
[PlyCount "90"]
[EventDate "2018.03.30"]
[EventRounds "7"]
[EventCountry "WLS"]
[SourceDate "2018.04.03"]

1. e4 e5 2. Nf3 Nc6 3. Nc3 d6 4. d4 exd4 5. Nxd4 Bd7 6. Be3 Nf6 7. Nxc6 Bxc6 8.
Bd3 Be7 9. O-O O-O 10. Nd5 Bxd5 11. exd5 Re8 12. Bb5 Rf8 13. c4 Qc8 14. Qf3 a6
15. Ba4 Qg4 16. Rfe1 Qxf3 17. gxf3 Rfc8 18. Rad1 Bf8 19. a3 g6 20. Bg5 Bg7 21.
Re2 Kf8 22. Rde1 Rab8 23. Kg2 b5 24. cxb5 axb5 25. Bb3 Re8 26. Rxe8+ Rxe8 27.
Rxe8+ Kxe8 28. a4 bxa4 29. Bxa4+ Ke7 30. Bc6 h6 31. Bd2 Nh5 32. Bc3 Nf4+ 33.
Kf1 Bxc3 34. bxc3 Kf6 35. c4 Ke5 36. Ke1 Kd4 37. Bb5 f6 38. Kf1 Nd3 39. Be8 g5
40. Bb5 Ne5 41. Kg2 Nxc4 42. Bxc4 Kxc4 43. Kg3 Kxd5 44. Kg4 c5 45. Kf5 c4 0-1

[Event "John Bishop Minor 2018"]
[Site "Cardiff"]
[Date "2018.03.30"]
[Round "1.6"]
[White "Christmas, Rosie"]
[Black "Jones, Jeremy"]
[Result "1/2-1/2"]
[WhiteElo "1133"]
[BlackElo "1520"]
[PlyCount "64"]
[EventDate "2018.03.30"]
[EventRounds "7"]
[EventCountry "WLS"]
[SourceDate "2018.04.03"]

1. d4 d5 2. Bf4 Bf5 3. e3 e6 4. Nd2 Bd6 5. Bxd6 Qxd6 6. Ngf3 Nf6 7. Be2 O-O 8.
O-O Nbd7 9. c4 b6 10. a3 c5 11. dxc5 bxc5 12. Re1 Rab8 13. b3 Ne5 14. Nxe5 Qxe5
15. Nf3 Qb2 16. cxd5 exd5 17. b4 c4 18. Qd4 Qxd4 19. Nxd4 Bd7 20. Rac1 a5 21.
bxa5 Ra8 22. f3 Rxa5 23. e4 dxe4 24. fxe4 Rxa3 25. Bxc4 Re8 26. e5 Ng4 27. e6
fxe6 28. Nxe6 Kh8 29. Ng5 h6 30. Nf7+ Kh7 31. Rxe8 Bxe8 32. Re1 Re3 1/2-1/2

[Event "John Bishop Minor 2018"]
[Site "Cardiff"]
[Date "2018.03.30"]
[Round "1.7"]
[White "Langmaid, Kevin"]
[Black "Swamy, Anshul"]
[Result "1-0"]
[WhiteElo "1518"]
[BlackElo "950"]
[PlyCount "137"]
[EventDate "2018.03.30"]
[EventRounds "7"]
[EventCountry "WLS"]
[SourceDate "2018.04.03"]

1. e4 d5 2. exd5 Nf6 3. c4 e6 4. dxe6 Bxe6 5. Nf3 Bd6 6. Be2 O-O 7. O-O Nc6 8.
d4 Bf5 9. Bd3 Bxd3 10. Qxd3 Nb4 11. Qd1 c5 12. a3 Nc6 13. d5 Ne5 14. b3 Bc7 15.
Bb2 Nxf3+ 16. Qxf3 Qd6 17. g3 Bd8 18. Nd2 Re8 19. Rae1 Ba5 20. Bc3 Bxc3 21.
Qxc3 Ng4 22. Nf3 Qf6 23. Rxe8+ Rxe8 24. Re1 Rxe1+ 25. Qxe1 h6 26. Qe8+ Kh7 27.
Qe4+ Qg6 28. Qxg6+ fxg6 29. d6 Nf6 30. Ne5 g5 31. d7 Nxd7 32. Nxd7 b6 33. a4
Kg6 34. Ne5+ Kf5 35. Nc6 a5 36. f3 Ke6 37. Kf2 Kd6 38. Na7 Ke5 39. Ke3 Ke6 40.
Ke4 g6 41. Nc8 Kd7 42. Nxb6+ Kc7 43. Nd5+ Kc6 44. Ne7+ Kd6 45. Nxg6 Ke6 46. Ne5
Kd6 47. Nf7+ Ke6 48. Nxh6 Kf6 49. Kd5 Kg6 50. Ng4 Kf5 51. Kxc5 Ke6 52. Kb5 Kd6
53. h3 Ke6 54. Kxa5 Ke7 55. Kb6 Kd7 56. Kb7 Kd6 57. b4 Ke7 58. c5 Kd7 59. c6+
Kd8 60. c7+ Ke7 61. a5 Kd6 62. a6 Kd5 63. a7 Kc4 64. a8=Q Kxb4 65. c8=Q Kb3 66.
Qa5 Kb2 67. Qcc3+ Kb1 68. Qab4+ Ka2 69. Qcb2# 1-0

[Event "John Bishop Minor 2018"]
[Site "Cardiff"]
[Date "2018.03.30"]
[Round "2.1"]
[White "Smith, Alun"]
[Black "Jones, Dewi"]
[Result "1/2-1/2"]
[WhiteElo "1563"]
[BlackElo "1636"]
[PlyCount "65"]
[EventDate "2018.03.30"]
[EventRounds "7"]
[EventCountry "WLS"]
[SourceDate "2018.04.03"]

1. e4 d5 2. exd5 Qxd5 3. Nc3 Qa5 4. d4 c6 5. Nf3 Bf5 6. Bd2 e6 7. Be2 Nd7 8.
O-O Qc7 9. Re1 Bd6 10. Bg5 h6 11. Bh4 g5 12. Bg3 Bxg3 13. fxg3 O-O-O 14. Bd3
Bxd3 15. Qxd3 g4 16. Nd2 Ne7 17. Nb3 h5 18. Ne4 f6 19. Nec5 Nxc5 20. Nxc5 Qb6
21. Nxe6 Rd6 22. Qb3 Qxb3 23. axb3 a6 24. Nf4 Nf5 25. c3 Kd7 26. Re2 h4 27. Ng6
Rh6 28. Nxh4 Nxh4 29. gxh4 Rxh4 30. Rae1 Rh7 31. Re4 f5 32. Rf4 Rf6 33. Re5
1/2-1/2

[Event "John Bishop Minor 2018"]
[Site "Cardiff"]
[Date "2018.03.30"]
[Round "2.2"]
[White "Smith, Callum"]
[Black "Peters, Chris"]
[Result "1/2-1/2"]
[WhiteElo "1316"]
[BlackElo "1591"]
[PlyCount "81"]
[EventDate "2018.03.30"]
[EventRounds "7"]
[EventCountry "WLS"]
[SourceDate "2018.04.03"]

1. e4 c5 2. Nf3 Nc6 3. d4 cxd4 4. Nxd4 d6 5. Nc3 Nf6 6. Be3 a6 7. Bc4 Ne5 8.
Bb3 Bg4 9. f3 Bd7 10. Qd2 Rc8 11. Rb1 Nc4 12. Bxc4 Rxc4 13. Qd3 Qc8 14. O-O h5
15. Rbc1 h4 16. Nde2 h3 17. g3 Rb4 18. Rb1 Bb5 19. Nxb5 Rxb5 20. Qc3 Qc6 21.
Nd4 Qxc3 22. bxc3 Rxb1 23. Rxb1 b5 24. Nc6 d5 25. exd5 Nxd5 26. Bd4 Rh6 27. Nb4
Nxb4 28. cxb4 Rc6 29. c3 f5 30. Kf2 g6 31. Re1 e6 32. f4 Kd7 33. Re5 Bd6 34.
Re3 Rc4 35. a3 Rc6 36. Ke2 Bc7 37. Bc5 a5 38. Rd3+ Kc8 39. Rd2 axb4 40. axb4
Ra6 41. Rd3 1/2-1/2

[Event "John Bishop Minor 2018"]
[Site "Cardiff"]
[Date "2018.03.30"]
[Round "2.3"]
[White "Vesz, Marcell"]
[Black "Smith, Chris P"]
[Result "1/2-1/2"]
[WhiteElo "1631"]
[BlackElo "1446"]
[PlyCount "62"]
[EventDate "2018.03.30"]
[EventRounds "7"]
[EventCountry "WLS"]
[SourceDate "2018.04.03"]

1. e4 d6 2. d4 Nf6 3. Nc3 g6 4. Be3 Bg7 5. f4 Na6 6. e5 dxe5 7. fxe5 Nd5 8.
Nxd5 Qxd5 9. Nf3 b6 10. c4 Qb7 11. Be2 c5 12. d5 Bg4 13. h3 Bf5 14. a3 O-O 15.
Qd2 Nb8 16. Bh6 Nd7 17. Bxg7 Kxg7 18. O-O-O Rfd8 19. Rhf1 Be4 20. Qc3 Kg8 21.
Nd2 Bxg2 22. Rf2 Bxd5 23. cxd5 Qxd5 24. Nf3 Qe4 25. Bc4 Qf4+ 26. Kb1 Nxe5 27.
Rxd8+ Rxd8 28. Nxe5 Qxf2 29. Nxf7 Rd1+ 30. Ka2 Qd4 31. Ng5+ Kh8 1/2-1/2

[Event "John Bishop Minor 2018"]
[Site "Cardiff"]
[Date "2018.03.30"]
[Round "2.4"]
[White "Fraser, Chris"]
[Black "Christmas, Rosie"]
[Result "1-0"]
[WhiteElo "1622"]
[BlackElo "1133"]
[PlyCount "65"]
[EventDate "2018.03.30"]
[EventRounds "7"]
[EventCountry "WLS"]
[SourceDate "2018.04.03"]

1. c4 e5 2. g3 Bc5 3. Bg2 d6 4. Nc3 Ne7 5. Nf3 h6 6. O-O O-O 7. d4 exd4 8. Nxd4
Bxd4 9. Qxd4 Nf5 10. Qd2 Nc6 11. b3 Bd7 12. Bb2 Re8 13. Rfe1 Rb8 14. Rad1 Qg5
15. Nd5 Qxd2 16. Rxd2 Rbc8 17. Bh3 Nce7 18. e4 Rcd8 19. exf5 Nxd5 20. Rxe8+
Rxe8 21. cxd5 Re1+ 22. Kg2 f6 23. Bg4 Kh7 24. Rc2 c6 25. dxc6 bxc6 26. Ba3 d5
27. Bb2 Kg8 28. Bh3 Kh7 29. Rd2 a6 30. Bd4 Kg8 31. g4 Kf7 32. Be3 Rc1 33. Rxd5
1-0

[Event "John Bishop Minor 2018"]
[Site "Cardiff"]
[Date "2018.03.30"]
[Round "2.5"]
[White "Jones, Jeremy"]
[Black "Smith, Ellison"]
[Result "0-1"]
[WhiteElo "1520"]
[BlackElo "1379"]
[PlyCount "68"]
[EventDate "2018.03.30"]
[EventRounds "7"]
[EventCountry "WLS"]
[SourceDate "2018.04.03"]

1. d4 d5 2. c4 c6 3. Nc3 e6 4. Nf3 Nf6 5. cxd5 cxd5 6. Bg5 Be7 7. e3 Nc6 8. Bb5
a6 9. Ba4 b5 10. Bc2 Bb7 11. O-O Rc8 12. Qb1 h6 13. Bxf6 Bxf6 14. e4 Nxd4 15.
Nxd4 Bxd4 16. exd5 Bxc3 17. dxe6 Bf6 18. exf7+ Kxf7 19. Rd1 Qc7 20. Bg6+ Kf8
21. Rd2 Qc6 22. f3 Qc5+ 23. Kh1 Bd5 24. Qd3 Bf7 25. Bxf7 Kxf7 26. Qd7+ Qe7 27.
Qd5+ Qe6 28. Qxe6+ Kxe6 29. Re1+ Kf7 30. Rd7+ Kg6 31. Rd6 Rhe8 32. Red1 Rcd8
33. g4 Re1+ 34. Kg2 Rxd1 0-1

[Event "John Bishop Minor 2018"]
[Site "Cardiff"]
[Date "2018.03.30"]
[Round "2.6"]
[White "Mason, Edward"]
[Black "Jones, Hefin"]
[Result "1-0"]
[WhiteElo "1399"]
[BlackElo "1320"]
[PlyCount "75"]
[EventDate "2018.03.30"]
[EventRounds "7"]
[EventCountry "WLS"]
[SourceDate "2018.04.03"]

1. e4 Nc6 2. Nf3 e5 3. Bc4 Nf6 4. d3 Bc5 5. O-O d5 6. exd5 Nxd5 7. Re1 Qd6 8.
Bb5 f6 9. d4 Bb6 10. dxe5 Bxf2+ 11. Kxf2 Qc5+ 12. Nd4 Bd7 13. exf6+ Kd8 14.
Bxc6 Bxc6 15. Kf1 Rf8 16. Ne6+ Kc8 17. Nxc5 Rxf6+ 18. Kg1 b6 19. Ne6 Kb7 20.
Nd4 Bd7 21. Nc3 Nb4 22. Bg5 Rg6 23. Qf3+ c6 24. Re7 Kc7 25. Bf4+ Kd8 26. Rae1
Rc8 27. a3 Na6 28. Ne6+ Kxe7 29. Nc5+ Kf7 30. Nxd7 Kg8 31. Rf1 Rc7 32. Ne5 Rf6
33. Qd3 b5 34. Qd8+ Rf8 35. Qd6 Rcc8 36. Nxc6 Rf6 37. Ne7+ Kh8 38. Nxc8 1-0

[Event "John Bishop Minor 2018"]
[Site "Cardiff"]
[Date "2018.03.30"]
[Round "2.7"]
[White "Davies, Gareth"]
[Black "Wu, Yuxuan"]
[Result "1/2-1/2"]
[WhiteElo "1342"]
[BlackElo "1200"]
[PlyCount "66"]
[EventDate "2018.03.30"]
[EventRounds "7"]
[EventCountry "WLS"]
[SourceDate "2018.04.03"]

1. d4 d5 2. Nf3 Nf6 3. c3 Bf5 4. Bf4 e6 5. Nbd2 c5 6. e3 Nc6 7. Be2 Be7 8. h3
O-O 9. O-O Qb6 10. Qb3 c4 11. Qxb6 axb6 12. Rfc1 b5 13. b4 Ne4 14. Nxe4 Bxe4
15. Ne1 Bf6 16. Bf3 e5 17. Bg3 exd4 18. Bxe4 dxe4 19. exd4 Rfe8 20. Nc2 Bg5 21.
Rd1 f5 22. Bd6 Rad8 23. Bc5 Bf6 24. a4 bxa4 25. Rxa4 b5 26. Ra2 Ne7 27. Bxe7
Rxe7 28. g3 g5 29. Ne3 f4 30. Nf5 Re6 31. g4 Kf7 32. Re1 Kg6 33. Kf1 Rd5
1/2-1/2

[Event "John Bishop Minor 2018"]
[Site "Cardiff"]
[Date "2018.03.31"]
[Round "3.1"]
[White "Jones, Dewi"]
[Black "Langmaid, Kevin"]
[Result "0-1"]
[WhiteElo "1636"]
[BlackElo "1518"]
[PlyCount "62"]
[EventDate "2018.03.30"]
[EventRounds "7"]
[EventCountry "WLS"]
[SourceDate "2018.04.03"]

1. Nf3 d5 2. g3 e6 3. Bg2 Nd7 4. O-O Ngf6 5. d3 Bc5 6. Nbd2 O-O 7. e4 dxe4 8.
Nxe4 Nxe4 9. dxe4 e5 10. Qd3 h6 11. Rd1 Qe7 12. Qc3 Bd6 13. Nh4 Nf6 14. Nf5
Bxf5 15. exf5 Rab8 16. Be3 b6 17. a3 Ng4 18. Bd2 Bc5 19. Be1 a5 20. Qf3 Nf6 21.
Bc3 Rfd8 22. Re1 Bd4 23. Rad1 c5 24. Bxd4 cxd4 25. Qe2 Qc5 26. Qxe5 Qxc2 27.
Rxd4 Re8 28. Qxb8 Rxb8 29. Be4 Qxb2 30. Rd3 Nxe4 31. Rxe4 Qb1+ 0-1

[Event "John Bishop Minor 2018"]
[Site "Cardiff"]
[Date "2018.03.31"]
[Round "3.2"]
[White "Smith, Ellison"]
[Black "Fraser, Chris"]
[Result "1/2-1/2"]
[WhiteElo "1379"]
[BlackElo "1622"]
[PlyCount "84"]
[EventDate "2018.03.30"]
[EventRounds "7"]
[EventCountry "WLS"]
[SourceDate "2018.04.03"]

1. e4 c5 2. c3 g6 3. d4 cxd4 4. cxd4 d5 5. exd5 Nf6 6. Nf3 Nxd5 7. Nc3 Bg7 8.
Be2 O-O 9. O-O Nc6 10. Re1 Bg4 11. h3 Bxf3 12. Bxf3 e6 13. Nxd5 exd5 14. Be3
Qd6 15. Rc1 h6 16. Qd3 Rac8 17. Red1 Rfd8 18. a3 Na5 19. Rxc8 Rxc8 20. Qb5 Nc6
21. Qxd5 Qf6 22. Qd7 Rd8 23. Qxb7 Nxd4 24. Bd5 Ne6 25. Bxa7 Qxb2 26. Qxb2 Bxb2
27. a4 Kg7 28. a5 Nc7 29. Bf3 Rxd1+ 30. Bxd1 Bc3 31. Bb6 Nd5 32. Bf3 Nxb6 33.
axb6 Be5 34. b7 g5 35. Kf1 f5 36. g4 fxg4 37. hxg4 Kf6 38. Be4 Bb8 39. Ke2 Ke5
40. f3 Kd4 41. Kd2 Bf4+ 42. Kc2 Kc4 1/2-1/2

[Event "John Bishop Minor 2018"]
[Site "Cardiff"]
[Date "2018.03.31"]
[Round "3.3"]
[White "Peters, Chris"]
[Black "Smith, Alun"]
[Result "1/2-1/2"]
[WhiteElo "1591"]
[BlackElo "1563"]
[PlyCount "76"]
[EventDate "2018.03.30"]
[EventRounds "7"]
[EventCountry "WLS"]
[SourceDate "2018.04.03"]

1. e4 e6 2. d4 d5 3. Bd3 c5 4. c3 Nc6 5. Nf3 Qb6 6. O-O dxe4 7. Bxe4 Nf6 8.
Bxc6+ Qxc6 9. Ne5 Qb6 10. Na3 cxd4 11. Nac4 Qd8 12. Qa4+ Bd7 13. Nxd7 Qxd7 14.
Qxd7+ Nxd7 15. cxd4 Be7 16. Bf4 O-O 17. Rac1 Bf6 18. Rfd1 Nb8 19. d5 exd5 20.
Rxd5 Nc6 21. Kf1 Rfd8 22. Rcd1 Rxd5 23. Rxd5 Rd8 24. Rxd8+ Nxd8 25. b3 Kf8 26.
Ke2 Ke7 27. Be3 Nc6 28. b4 Bd4 29. b5 Bxe3 30. Kxe3 Nd8 31. Ke4 f6 32. Kd5 Ne6
33. g3 Nc7+ 34. Kc5 Ne6+ 35. Kb4 b6 36. a4 Kd7 37. a5 Kc7 38. a6 Nc5 1/2-1/2

[Event "John Bishop Minor 2018"]
[Site "Cardiff"]
[Date "2018.03.31"]
[Round "3.4"]
[White "Smith, Chris P"]
[Black "Smith, Callum"]
[Result "0-1"]
[WhiteElo "1446"]
[BlackElo "1316"]
[PlyCount "72"]
[EventDate "2018.03.30"]
[EventRounds "7"]
[EventCountry "WLS"]
[SourceDate "2018.04.03"]

1. d4 d5 2. c4 dxc4 3. Nf3 e6 4. e3 b6 5. Bxc4 Bb7 6. O-O Nf6 7. Nc3 Bd6 8. h3
O-O 9. Qe2 c5 10. Rd1 Qc7 11. Nb5 Qe7 12. Nxd6 Qxd6 13. b3 Qc7 14. Ba3 Nbd7 15.
Rac1 Rac8 16. Ba6 Qb8 17. Bxb7 Qxb7 18. Bb2 cxd4 19. Nxd4 Rxc1 20. Rxc1 Rc8 21.
Rd1 h6 22. Nb5 Rc6 23. Qd3 a6 24. Nd6 Qc7 25. Qd4 e5 26. Qd2 Rc2 27. Qd3 Rxb2
28. Qxa6 Qc2 29. Rf1 Rxa2 30. Qb5 Ra5 31. Qb4 Qc5 32. Qd2 Qd5 33. Qb4 Ra2 34.
Nc4 Qc5 35. Qc3 b5 36. b4 Qxc4 0-1

[Event "John Bishop Minor 2018"]
[Site "Cardiff"]
[Date "2018.03.31"]
[Round "3.5"]
[White "Swamy, Anshul"]
[Black "Vesz, Marcell"]
[Result "0-1"]
[WhiteElo "950"]
[BlackElo "1631"]
[PlyCount "120"]
[EventDate "2018.03.30"]
[EventRounds "7"]
[EventCountry "WLS"]
[SourceDate "2018.04.03"]

1. e4 c5 2. Nf3 d6 3. Bc4 Nc6 4. Nc3 Nf6 5. d3 a6 6. a4 Bg4 7. h3 Bh5 8. Nd5
Nxd5 9. Bxd5 Qc7 10. g4 Bg6 11. Nh4 e6 12. Nxg6 hxg6 13. Bc4 O-O-O 14. Bd2 Be7
15. c3 Ne5 16. Bb3 Nxd3+ 17. Ke2 c4 18. Bc2 Bh4 19. Bxd3 cxd3+ 20. Kxd3 d5 21.
Kc2 Bxf2 22. Qf3 Bd4 23. Kd1 Be5 24. Rc1 dxe4 25. Qxe4 Bf4 26. Rc2 Rd7 27. Rf1
Bxd2 28. Rxd2 Rxh3 29. Rd4 e5 30. Rxd7 Qxd7+ 31. Kc1 f6 32. Qxg6 Qxa4 33. Qf5+
Kb8 34. Kb1 Re3 35. Rh1 Qe4+ 36. Qxe4 Rxe4 37. Rg1 Kc7 38. g5 f5 39. Kc2 Rg4
40. Re1 e4 41. Kd2 Rxg5 42. Ke3 Rg2 43. b4 Rg6 44. Kf4 Rf6 45. Ke5 Rf8 46. Kf4
g6 47. Kg5 Rg8 48. Kf4 Kd6 49. Kg3 Ke5 50. Rf1 Rc8 51. Rc1 f4+ 52. Kf2 g5 53.
Kf1 g4 54. Kf2 g3+ 55. Kg2 Kf5 56. Kh3 e3 57. Kg2 Ke4 58. Kf1 f3 59. Kg1 Rh8
60. Kf1 Rh1# 0-1

[Event "John Bishop Minor 2018"]
[Site "Cardiff"]
[Date "2018.03.31"]
[Round "3.6"]
[White "Christmas, Rosie"]
[Black "Mason, Edward"]
[Result "1-0"]
[WhiteElo "1133"]
[BlackElo "1399"]
[PlyCount "61"]
[EventDate "2018.03.30"]
[EventRounds "7"]
[EventCountry "WLS"]
[SourceDate "2018.04.03"]

1. d4 d5 2. Bf4 Nf6 3. e3 c5 4. dxc5 Nc6 5. h3 e5 6. Bh2 Bxc5 7. a3 O-O 8. Nd2
Bf5 9. b4 Bd6 10. Bb5 Rc8 11. Rc1 e4 12. Bxd6 Qxd6 13. Ne2 Rfd8 14. Bxc6 bxc6
15. O-O Rb8 16. c4 dxc4 17. Nxc4 Qxd1 18. Rfxd1 Rxd1+ 19. Rxd1 g5 20. Nd4 Bd7
21. Ne5 Rc8 22. Nxd7 Nxd7 23. Nf5 Rc7 24. Rd4 c5 25. bxc5 Rxc5 26. Ne7+ Kf8 27.
Rxd7 Ra5 28. Rb7 Rxa3 29. Nf5 Ra1+ 30. Kh2 a5 31. Rb8# 1-0

[Event "John Bishop Minor 2018"]
[Site "Cardiff"]
[Date "2018.03.31"]
[Round "3.7"]
[White "Wu, Yuxuan"]
[Black "Jones, Jeremy"]
[Result "1-0"]
[WhiteElo "1200"]
[BlackElo "1520"]
[PlyCount "75"]
[EventDate "2018.03.30"]
[EventRounds "7"]
[EventCountry "WLS"]
[SourceDate "2018.04.03"]

1. e4 e5 2. Nf3 Nc6 3. Nc3 Nf6 4. d4 Nxd4 5. Nxd4 exd4 6. Qxd4 d6 7. Bf4 Be7 8.
Bd3 c5 9. Qe3 Qb6 10. Rb1 Be6 11. b3 d5 12. exd5 Nxd5 13. Nxd5 Bxd5 14. O-O Be6
15. Rfe1 O-O-O 16. Bc4 Bd6 17. Bxe6+ fxe6 18. Qxe6+ Rd7 19. Rbd1 Kc7 20. Bxd6+
Rxd6 21. Qe7+ Kb8 22. Qxd6+ Qxd6 23. Rxd6 Kc7 24. Red1 Re8 25. f3 Re2 26. R1d2
Re1+ 27. Kf2 Ra1 28. a4 Rh1 29. Rd7+ Kc6 30. Rxg7 Rxh2 31. Rdd7 b5 32. axb5+
Kxb5 33. Rxa7 Kb4 34. Rxh7 Rxg2+ 35. Kxg2 Kc3 36. Rhc7 Kxc2 37. Rxc5+ Kxb3 38.
Rb7+ 1-0

[Event "John Bishop Minor 2018"]
[Site "Cardiff"]
[Date "2018.03.31"]
[Round "3.8"]
[White "Jones, Hefin"]
[Black "Davies, Gareth"]
[Result "1-0"]
[WhiteElo "1320"]
[BlackElo "1342"]
[PlyCount "53"]
[EventDate "2018.03.30"]
[EventRounds "7"]
[EventCountry "WLS"]
[SourceDate "2018.04.03"]

1. e4 Nf6 2. d3 Nc6 3. Nf3 d5 4. e5 Nd7 5. e6 fxe6 6. Ng5 Nf6 7. b3 e5 8. c3
Bf5 9. Be2 Qd7 10. Bb2 h6 11. Nf3 e6 12. b4 a6 13. Qa4 b5 14. Qd1 Bd6 15. Nh4
Bh7 16. a4 O-O 17. Nd2 e4 18. dxe4 Nxe4 19. O-O Ne5 20. f4 Nxd2 21. Qxd2 Nc4
22. Bxc4 bxc4 23. Rae1 c6 24. Re3 Rae8 25. Rg3 Rf6 26. Qd4 Qc7 27. Qxf6 1-0

[Event "John Bishop Minor 2018"]
[Site "Cardiff"]
[Date "2018.03.31"]
[Round "4.1"]
[White "Vesz, Marcell"]
[Black "Langmaid, Kevin"]
[Result "0-1"]
[WhiteElo "1631"]
[BlackElo "1518"]
[PlyCount "108"]
[EventDate "2018.03.30"]
[EventRounds "7"]
[EventCountry "WLS"]
[SourceDate "2018.04.03"]

1. e4 e5 2. Nf3 Nc6 3. Bc4 Nf6 4. Ng5 Bc5 5. O-O O-O 6. d3 h6 7. Nf3 d6 8. h3
a6 9. a4 d5 10. exd5 Nxd5 11. Nbd2 Be6 12. Ne4 Ba7 13. c3 Qe7 14. Re1 Nb6 15.
Bxe6 Qxe6 16. Nc5 Qe7 17. Be3 Nd5 18. Ne4 Nxe3 19. fxe3 f5 20. Nf2 e4 21. dxe4
fxe4 22. Qd5+ Kh8 23. Nxe4 Rad8 24. Qc4 Rf4 25. Nfd2 Rxd2 26. Rf1 Qxe4 27. Qxe4
Rxe4 28. Kh1 Rxe3 29. Rf4 Rg3 30. Rg4 Rxg4 31. hxg4 Rxb2 32. Re1 Kh7 33. Kh2
Ra2 34. Re4 Ra3 35. Rc4 Bb6 36. Kh3 Na5 37. Re4 Rxc3+ 38. Kh4 Bf2+ 39. g3 Bxg3+
40. Kh3 Bd6+ 41. Kg2 Rc4 42. Re8 Rxg4+ 43. Kh1 Rxa4 44. Kg2 Nc4 45. Kh3 b5 46.
Re6 b4 47. Re2 b3 48. Re3 b2 49. Rb3 Ra3 50. Rxa3 Nxa3 51. Kh4 b1=Q 52. Kh5
Qg6+ 53. Kh4 Qg3+ 54. Kh5 g6# 0-1

[Event "John Bishop Minor 2018"]
[Site "Cardiff"]
[Date "2018.03.31"]
[Round "4.2"]
[White "Fraser, Chris"]
[Black "Peters, Chris"]
[Result "1-0"]
[WhiteElo "1622"]
[BlackElo "1591"]
[PlyCount "88"]
[EventDate "2018.03.30"]
[EventRounds "7"]
[EventCountry "WLS"]
[SourceDate "2018.04.03"]

1. c4 c5 2. Nf3 Nc6 3. d4 cxd4 4. Nxd4 e5 5. Nc2 Bc5 6. Nc3 Nf6 7. g3 O-O 8.
Bg2 Re8 9. O-O d6 10. h3 Be6 11. b3 Qd7 12. Kh2 Rad8 13. Nd5 Bxd5 14. cxd5 Ne7
15. e4 h6 16. Be3 Rc8 17. Qd2 Bxe3 18. Nxe3 Rc7 19. Rac1 Rec8 20. Rxc7 Qxc7 21.
Rd1 Qc3 22. Nc4 Qxd2 23. Rxd2 Ne8 24. Rc2 b5 25. Ne3 Rxc2 26. Nxc2 Nc7 27. b4
f5 28. f3 fxe4 29. fxe4 Kf7 30. h4 Nc8 31. Kh3 Nb6 32. g4 Nc4 33. Kg3 Kf6 34.
Kf2 g5 35. h5 a5 36. bxa5 Nxa5 37. Bf1 Nb7 38. Ne3 Nd8 39. Nf5 Nf7 40. a3 Ne8
41. Bxb5 Ng7 42. Nxg7 Kxg7 43. a4 Nd8 44. a5 Nb7 1-0